00449nam a2200157Ia 4500008004100000020002200041041000800063082001300071100001900084245005600103260005900159300001700218365001200235650002200247650002200269210719s2010 xx 000 0 und d a978-81-321-0462-9 aeng a323 SHAH aSHARMA (Mukul) aHuman rights in a globalised world: an Indian dairy aNew DelhibSage Publications India Pvt. Limited.c2010 axxii,271bPB b395cRs aRelation of State aRelation of State